000 00517nmm a2200193Ia 4500
008 251105s9999||||xx |||||||||||||||||und||
020 _a9788490652343
041 _aspa
100 _aHervey, Jane
245 0 _aComo vana sombra
264 _a[Madrid, España] :
_bAlba Editorial,
_c2016
300 _a264 páginas
490 _aRara avis
650 _aEnglish Narrative
700 _aHervey, Jane
700 1 _a de la Rubia, Daniel
856 _uhttps://public.digitaliapublishing.com/a/48915
942 _cCF
999 _c66883
_d66883